Minecraft - Biomes - Statistics

General Stats
  • This quiz has been taken 62 times
  • The average score is 26 of 65
Answer Stats
Category Answer % Correct
Overworld Plains
83%
Overworld Desert
79%
Overworld Birch Forest
74%
Water Ocean
74%
The End The End
74%
Overworld Dark Forest
72%
Overworld Forest
72%
Overworld Taiga
72%
Overworld Badlands
68%
Water Warm Ocean
68%
Overworld Jungle
64%
Overworld Savanna
64%
Overworld Beach
57%
Water Cold Ocean
55%
Water Deep Ocean
55%
Overworld Swamp
55%
Water River
51%
The Nether Warped Forest
51%
The Nether Crimson Forest
49%
Underground Deep Dark
47%
The Nether Soul Sand Valley
47%
Water Lukewarm Ocean
43%
Underground Lush Caves
43%
Overworld Mushroom Fields
43%
Overworld Pale Garden
43%
Overworld Snowy Taiga
43%
Overworld Flower Forest
40%
Overworld Ice Spikes
40%
Overworld Mangrove Swamp
40%
The Nether Basalt Deltas
38%
The Nether Nether Wastes
38%
Overworld Snowy Plains
38%
Water Frozen Ocean
34%
Underground Dripstone Caves
32%
Mountain Cherry Grove
30%
Water Deep Cold Ocean
30%
Water Deep Lukewarm Ocean
30%
Mountain Meadow
30%
Overworld Stony Shore
30%
Overworld Sunflower Plains
30%
Water Frozen River
28%
Overworld Old Growth Birch Forest
28%
Mountain Stony Peaks
28%
Overworld Bamboo Jungle
26%
Underground The Void
26%
The End End Highlands
23%
The End End Midlands
23%
Mountain Jagged Peaks
23%
Overworld Savanna Plateau
23%
Overworld Wooded Badlands
23%
Water Deep Frozen Ocean
21%
Overworld Eroded Badlands
21%
Mountain Grove
21%
Overworld Old Growth Spruce Taiga
21%
Overworld Snowy Beach
21%
Overworld Sparse Jungle
21%
Mountain Windswept Hills
21%
Mountain Frozen Peaks
19%
The End Small End Islands
19%
The End End Barrens
17%
Overworld Old Growth Pine Taiga
17%
Mountain Windswept Savanna
17%
Mountain Windswept Forest
15%
Mountain Snowy Slopes
11%
Mountain Windswept Gravelly Hills
11%
No matching quizzes found
Score Distribution
Percent of People with Each Score
Percentile by Number Answered
Your Score History
You have not taken this quiz